000 00346nam a22001451a 4500
082 _aM3
_bJON/S
100 _aJones T L
_973900
245 _aSatram/
_cby Jones T L
260 _a
_bAleyamma,
_c1980.
300 _a123p.
650 _aNovel Malayalam
_973901
650 _aLiterature Malayalam
_973902
650 _aLiterature
_973903
942 _cBK
999 _c40848
_d40848